Statistics for Most Common Countries in JetPunk Quizzes

Click here to take the quiz!

General Stats

  • This quiz has been taken 95 times
  • The average score is 13 of 15

Answer Stats

# quizzes Country % Correct
5United States
100%
3United Kingdom
98%
6China
95%
8France
94%
6Russia
93%
6Italy
89%
6Canada
89%
3India
88%
7Spain
88%
6Brazil
88%
5Mexico
87%
6Germany
87%
5Australia
87%
3Japan
86%
2Egypt
56%

Score Distribution

Percentile by Number Answered

Percent of People with Each Score

Your Score History

You have not taken this quiz